Metodologías convergentes e historia social del cambio tecnológico en la agricultura /

Kaydedildi:
Detaylı Bibliyografya
Müşterek Yazar: Universidad Nacional. Escuela de Historia
Diğer Yazarlar: comp
Materyal Türü: Bilinmiyor
Baskı/Yayın Bilgisi: San José: IPGH
Etiketler: Etiketle
Etiket eklenmemiş, İlk siz ekleyin!

MARC

LEADER 00000 a2200000 04500
001 28766
003
008 991231s d
040
020 |a [sin ISBN]  
090 |a 189601  
110 |a Universidad Nacional. Escuela de Historia  
245 |a Metodologías convergentes e historia social del cambio tecnológico en la agricultura /  |c Mario Samper Kutschbach  
260 |a San José:   |b IPGH  
300 |a 223 p  
700 |a comp  
999 |c 9437  |d 9437